000 00558nam a22002057a 4500
003 LC
005 20160303092644.0
008 160127b xxu||||| |||| 00| 0 eng d
020 _a0394588169
020 _a9780394588162
050 _aPS 3553 .C928m2 1993
100 _aCrichton, Michael
245 _aJurassic park :
_ba novel
_cMichael Crichton
260 _aNew York
_bBalantine Books
_c1993
300 _a399 pages.
_c21 cm.
650 _aDinosaurs -- Fiction
650 _aAmusement parks -- Fiction
650 _aDinosaurs
942 _2lcc
_cBK
999 _c290448
_d290448